[Event "OLNO 1819 SK König Tegel II - SV Empor"]
[Site "?"]
[Date "2018.11.11"]
[Round "2.4"]
[White "Dimitrijeski, Kristian"]
[Black "Schabe, Felix"]
[Result "0-1"]
[WhiteElo "2155"]
[BlackElo "1845"]
[PlyCount "86"]
[EventDate "2018.??.??"]

1. d4 g6 2. c4 Bg7 3. e4 d6 4. Nf3 Nf6 5. Nc3 O-O 6. Be2 e5 7. d5 a5 8. O-O Na6
9. Bg5 h6 10. Bh4 g5 11. Bg3 Nh5 12. Ne1 Nf4 13. Bg4 Nc5 14. Bxc8 Qxc8 15. f3
f5 16. Bf2 b6 17. a3 Rf7 18. Rb1 Qa6 19. Bxc5 bxc5 20. g3 Nh3+ 21. Kg2 Qxc4 22.
Nc2 fxe4 23. Ne3 Qd4 24. Qxd4 exf3+ 25. Rxf3 cxd4 26. Rxf7 Kxf7 27. Kxh3 Rb8
28. Ned1 dxc3 29. Nxc3 h5 30. a4 Rb4 31. b3 Rd4 32. Rd1 Kf6 33. Rf1+ Kg6 34.
Kg2 e4 35. Rd1 Rxd1 36. Nxd1 Bd4 37. Nf2 Kf5 38. Nh3 Be3 39. Kf1 Kg4 40. Ke2
Kxh3 41. Kxe3 Kxh2 42. Kf2 g4 43. b4 h4 0-1

[Event "OLNO 1819 SK König Tegel II - SV Empor"]
[Site "?"]
[Date "2018.11.11"]
[Round "2.5"]
[White "Atkinson, Paul"]
[Black "Jaeger, Tobias"]
[Result "0-1"]
[WhiteElo "2155"]
[BlackElo "2161"]
[PlyCount "78"]
[EventDate "2018.??.??"]

1. d4 f5 2. Bg5 g6 3. h4 Bg7 4. h5 h6 5. Bc1 g5 6. g4 fxg4 7. Qd3 Nf6 8. Qg6+
Kf8 9. Bxg5 Qe8 10. Qxe8+ Kxe8 11. Bxf6 Bxf6 12. e3 c6 13. Bd3 e5 14. c3 d5 15.
dxe5 Bxe5 16. Nd2 Nd7 17. f4 Bd6 18. Ne2 Nf6 19. O-O-O Be6 20. Ng3 Kd7 21. Rhf1
Raf8 22. Bg6 Kc7 23. Nb3 c5 24. Rg1 Rhg8 25. Kc2 b6 26. Nc1 Rg7 27. Nd3 Re7 28.
Rde1 Bc8 29. Nf2 c4 30. Kd2 Bc5 31. Nf1 Ne4+ 32. Bxe4 dxe4 33. Ng3 Rxf4 34.
exf4 Bxf2 35. Ref1 e3+ 36. Kc2 Bxg1 37. Rxg1 Bb7 38. Re1 Bf3 39. Nf5 Be4+ 0-1

[Event "OLNO 1819 SK König Tegel II - SV Empor"]
[Site "?"]
[Date "2018.11.11"]
[Round "2.6"]
[White "Jahnz, Fabian"]
[Black "Sulayev, Daniel"]
[Result "1-0"]
[WhiteElo "2240"]
[BlackElo "2007"]
[PlyCount "119"]
[EventDate "2018.??.??"]

1. e4 g6 2. d4 Bg7 3. c3 d6 4. Bc4 Nf6 5. Qe2 O-O 6. Nf3 c6 7. Be3 Nbd7 8. O-O
e5 9. a4 Qe7 10. Re1 Nh5 11. Bg5 Bf6 12. Bxf6 Ndxf6 13. g3 Be6 14. Bxe6 Qxe6
15. dxe5 dxe5 16. Nbd2 Nd7 17. Nc4 b5 18. axb5 cxb5 19. Ne3 Nhf6 20. Red1 a6
21. Nd5 Rfc8 22. Ng5 Qe8 23. Qf3 Nxd5 24. Rxd5 Rc7 25. Qe3 Qe7 26. Rxb5 Nc5 27.
Rb6 a5 28. Nf3 a4 29. Rb5 Qd6 30. Nd2 Qc6 31. Rb4 f6 32. Nc4 Rd8 33. Rb6 Qa8
34. Rxf6 Nxe4 35. Nb6 Qb7 36. Rf3 Rd6 37. Rxa4 Ng5 38. Ra8+ Kg7 39. Qxg5 Qxf3
40. Qxe5+ Qf6 41. Qxf6+ Kxf6 42. Na4 Rd1+ 43. Kg2 Ra1 44. Rf8+ Kg7 45. Rf4 Ra2
46. Rb4 Ra7 47. Nc5 R2a5 48. Ne4 Rd5 49. h4 Rd3 50. Rb6 Re7 51. Rb4 h6 52. Kf1
Rd1+ 53. Ke2 Red7 54. Rb6 Rc1 55. f3 Rc2+ 56. Ke3 Rd1 57. Rb7+ Kf8 58. b4 Re1+
59. Kf4 Rh2 60. Rh7 1-0

[Event "OLNO 1819 SK König Tegel II - SV Empor"]
[Site "?"]
[Date "2018.11.11"]
[Round "2.7"]
[White "Welz, Peter"]
[Black "Kather, Yannick"]
[Result "1/2-1/2"]
[WhiteElo "2045"]
[BlackElo "2126"]
[PlyCount "120"]
[EventDate "2018.??.??"]

1. e4 c5 2. Nc3 Nc6 3. g3 g6 4. Bg2 Bg7 5. d3 d6 6. Be3 e6 7. Qd2 Rb8 8. Nf3
Nd4 9. Bxd4 cxd4 10. Nb5 a6 11. Nbxd4 Ne7 12. O-O Nc6 13. c3 O-O 14. Nb3 b5 15.
d4 b4 16. c4 a5 17. d5 Ne7 18. Nbd4 e5 19. Ne2 f5 20. Ng5 Bh6 21. f4 Bxg5 22.
fxg5 Ba6 23. b3 Qb6+ 24. Kh1 fxe4 25. Rf6 Nf5 26. Bxe4 Rxf6 27. gxf6 Qf2 28.
Qe1 Qe3 29. Ng1 Qg5 30. Qf2 Qe3 31. Qc2 Nd4 32. Qg2 Rf8 33. Rf1 Bc8 34. h3 Nf5
35. Bxf5 Bxf5 36. Kh2 Be4 37. Qf2 Qxf2+ 38. Rxf2 g5 39. g4 Kf7 40. Ne2 Ra8 41.
Ng3 Bd3 42. Nf5 Bxf5 43. Rxf5 h6 44. Kg3 a4 45. h4 axb3 46. axb3 Ra3 47. hxg5
hxg5 48. Rxg5 Rxb3+ 49. Kh4 Kxf6 50. Rf5+ Kg6 51. c5 dxc5 52. Rxe5 Rd3 53. d6
Rxd6 54. Rxc5 Rb6 55. Rc2 b3 56. Rb2 Rb4 57. Kg3 Kg5 58. Kf3 Rf4+ 59. Ke3 Rxg4
60. Kd3 Rg3+ 1/2-1/2

[Event "OLNO 1819 SK König Tegel II - SV Empor"]
[Site "?"]
[Date "2018.11.11"]
[Round "2.8"]
[White "Niehaus, Frank"]
[Black "Silz, Elisa"]
[Result "1-0"]
[WhiteElo "2193"]
[BlackElo "1995"]
[PlyCount "71"]
[EventDate "2018.??.??"]

1. e4 c5 2. Nf3 d6 3. d4 cxd4 4. Nxd4 Nf6 5. Nc3 a6 6. Bc4 e6 7. Bb3 Be7 8. g4
h6 9. Be3 Nc6 10. Rg1 Qc7 11. Qe2 Nxd4 12. Bxd4 e5 13. Be3 Be6 14. O-O-O b5 15.
Kb1 Bc4 16. Qf3 b4 17. Ba4+ Kf8 18. Nd5 Nxd5 19. exd5 Bb5 20. Bxb5 axb5 21. Bd2
Qc5 22. Qb3 Ra4 23. Be3 Qc8 24. Rc1 Bg5 25. c4 bxc3 26. Rxc3 Qd7 27. Rgc1 g6
28. h3 Kg7 29. Rc7 Qd8 30. R1c6 Qb8 31. Rd7 Rd8 32. Rb6 Qc8 33. Rxd8 Bxd8 34.
Rxb5 Rc4 35. Rb8 Qc7 36. Rxd8 1-0

[Event "OLNO 1819 TuS Makkabi Berlin - TSG Ober"]
[Site "?"]
[Date "2018.11.11"]
[Round "2.1"]
[White "Rosenthal, Dirk"]
[Black "Kiesekamp, Marcos"]
[Result "1/2-1/2"]
[WhiteElo "2402"]
[BlackElo "2303"]
[PlyCount "59"]
[EventDate "2018.??.??"]

1. e4 c5 2. Nf3 Nc6 3. c3 Nf6 4. e5 Nd5 5. d4 cxd4 6. cxd4 d6 7. Bc4 e6 8. Qe2
Be7 9. O-O O-O 10. Rd1 Na5 11. Bd3 Nb4 12. Be4 d5 13. Bd3 Bd7 14. Nc3 Nxd3 15.
Qxd3 Rc8 16. b3 Nc6 17. Bb2 f6 18. exf6 Rxf6 19. Ne5 Be8 20. Rac1 Bh5 21. Re1
Nxd4 22. Nxd5 Ne2+ 23. Rxe2 Rxc1+ 24. Bxc1 Qxd5 25. Qxd5 exd5 26. g4 Bf7 27.
Rc2 Re6 28. Nxf7 Kxf7 29. Be3 Re4 30. Bxa7 {(=)} 1/2-1/2

[Event "OLNO 1819 TuS Makkabi Berlin - TSG Ober"]
[Site "?"]
[Date "2018.11.11"]
[Round "2.2"]
[White "Krefenstein, Sergej"]
[Black "Schoewel, Matthias"]
[Result "1/2-1/2"]
[WhiteElo "2112"]
[BlackElo "2235"]
[PlyCount "62"]
[EventDate "2018.??.??"]

1. d4 d5 2. Bf4 e6 3. e3 Bd6 4. Bg3 Nf6 5. Bd3 Nc6 6. Nf3 Bxg3 7. hxg3 Qd6 8.
c3 e5 9. dxe5 Nxe5 10. Nxe5 Qxe5 11. Nd2 Bd7 12. Nf3 Qe7 13. Qc2 O-O-O 14.
O-O-O Kb8 15. Nd4 c5 16. Nf5 Qf8 17. Qe2 g6 18. Nh6 Qe7 19. Qf3 Be6 20. Kb1 Ka8
21. Bc2 Rd6 22. Qf4 Rhd8 23. g4 a6 24. f3 Nd7 25. Nf5 Bxf5 26. gxf5 Nf6 27. g4
R6d7 28. a3 Re8 29. Rhe1 Qd8 30. Ba4 b5 31. Bb3 Qb6 {(=)} 1/2-1/2

[Event "OLNO 1819 TuS Makkabi Berlin - TSG Ober"]
[Site "?"]
[Date "2018.11.11"]
[Round "2.3"]
[White "Horn, Sven"]
[Black "Gazmaga, Stefan"]
[Result "0-1"]
[WhiteElo "2099"]
[BlackElo "2158"]
[PlyCount "70"]
[EventDate "2018.??.??"]

1. e4 d6 2. Nf3 Nf6 3. Nc3 e5 4. d4 Nbd7 5. Be2 Be7 6. O-O O-O 7. Re1 c6 8. a4
Qc7 9. h3 b6 10. Bf1 Bb7 11. Bg5 a6 12. Nh4 Rfe8 13. Nf5 Bf8 14. Qd2 exd4 15.
Qxd4 b5 16. axb5 axb5 17. Rxa8 Bxa8 18. Bf4 Ne5 19. Rd1 b4 20. Qxb4 d5 21. Bxe5
Qxe5 22. Qd4 Nxe4 23. Nxe4 Qxf5 24. Ng3 Qxc2 25. Ra1 Bc5 26. Qf4 Qxb2 27. Rd1
Qe5 28. Qg4 g6 29. Bd3 Qf6 30. Rd2 Bb7 31. Nh5 Re1+ 32. Bf1 Qa1 33. Qd7 Rxf1+
34. Kh2 Rh1+ 35. Kg3 Qe5+ 0-1

[Event "OLNO 1819 TuS Makkabi Berlin - TSG Ober"]
[Site "?"]
[Date "2018.11.11"]
[Round "2.4"]
[White "Emig, Edgar"]
[Black "Postler, Reinhard"]
[Result "1/2-1/2"]
[WhiteElo "2137"]
[BlackElo "2244"]
[PlyCount "97"]
[EventDate "2018.??.??"]

1. e4 c5 2. Nf3 e6 3. c4 Nc6 4. Nc3 Nf6 5. b3 a6 6. Bb2 Qc7 7. Be2 Nd4 8. Na4
Nxe2 9. Qxe2 d6 10. e5 dxe5 11. Bxe5 Bd6 12. Bxd6 Qxd6 13. Qe5 Qxe5+ 14. Nxe5
Nd7 15. Nxd7 Bxd7 16. Nxc5 Bc6 17. f3 O-O-O 18. O-O-O Rd4 19. Rhe1 g5 20. h3 h5
21. Kc2 g4 22. Kc3 Rhd8 23. hxg4 hxg4 24. Re3 gxf3 25. gxf3 Rf4 26. Rf1 a5 27.
Nd3 Rfd4 28. Rd1 b5 29. Ne5 b4+ 30. Kc2 Be8 31. Re4 f6 32. Rxd4 Rxd4 33. Ng4
Rf4 34. Rf1 Bg6+ 35. d3 Bh5 36. Nh2 Kd7 37. Kd2 Kd6 38. Ke3 e5 39. Rf2 Rh4 40.
Ng4 f5 41. Nf6 Bf7 42. f4 Rh3+ 43. Rf3 exf4+ 44. Kxf4 Rxf3+ 45. Kxf3 Ke5 46.
Nd7+ Kd6 47. Nb6 Kc5 48. Nd7+ Kd6 49. Nb6 {(=)} 1/2-1/2

[Event "OLNO 1819 TuS Makkabi Berlin - TSG Ober"]
[Site "?"]
[Date "2018.11.11"]
[Round "2.5"]
[White "Boewer, Roland"]
[Black "Fliter, Irena"]
[Result "0-1"]
[WhiteElo "2197"]
[BlackElo "2084"]
[PlyCount "98"]
[EventDate "2018.??.??"]

1. Nf3 d6 2. e4 c5 3. Be2 Nc6 4. c3 Nf6 5. d3 e6 6. O-O Be7 7. Re1 O-O 8. a3 b6
9. Bf1 Bb7 10. b4 cxb4 11. axb4 a5 12. b5 Nb8 13. Nbd2 Nbd7 14. d4 Qc7 15. Bb2
Rfd8 16. Qa4 Rac8 17. Rac1 Qb8 18. Ba3 Bf8 19. Bd3 Qa8 20. Bb1 Rc7 21. Bb2 Rdc8
22. Re2 Nh5 23. Rce1 Nf4 24. Re3 Nf6 25. g3 Ng6 26. h3 Ne7 27. Ba2 h6 28. Nc4
Rxc4 29. Bxc4 Bxe4 30. Nd2 Bg2 31. Bf1 Bxf1 32. Nxf1 Nf5 33. Rd3 d5 34. Nd2 Nd6
35. Ba3 Nc4 36. Nxc4 Rxc4 37. Qb3 a4 38. Qb2 Bxa3 39. Qxa3 Qa5 40. Rb1 Ne4 41.
Qe7 Rxc3 42. Rxc3 Qxc3 43. Qe8+ Kh7 44. Qxf7 Qxd4 45. h4 Nxg3 46. h5 Ne2+ 47.
Kf1 Nf4 48. Re1 Qd3+ 49. Kg1 Qf3 0-1

[Event "OLNO 1819 TuS Makkabi Berlin - TSG Ober"]
[Site "?"]
[Date "2018.11.11"]
[Round "2.6"]
[White "Gorodetski, Grigori"]
[Black "Wiedersich, Jens"]
[Result "1/2-1/2"]
[WhiteElo "1897"]
[BlackElo "2094"]
[PlyCount "115"]
[EventDate "2018.??.??"]

1. d4 Nf6 2. Nc3 d5 3. Bg5 e6 4. e4 dxe4 5. Nxe4 Be7 6. Bxf6 Bxf6 7. Nf3 Nd7 8.
Bd3 O-O 9. Qe2 c5 10. Nxf6+ Nxf6 11. dxc5 Qa5+ 12. c3 Qxc5 13. O-O b6 14. Qe5
Qxe5 15. Nxe5 Bb7 16. Rad1 Rad8 17. Rfe1 g6 18. Bc2 Kg7 19. Ba4 a6 20. Bc6 Bxc6
21. Nxc6 Rc8 22. Ne5 Rfd8 23. Kf1 b5 24. f3 Nd5 25. Kf2 f6 26. Nd3 e5 27. g3
Kf7 28. Rc1 Nxc3 29. Nxe5+ fxe5 30. Rxc3 Rxc3 31. bxc3 Kf6 32. Ke3 Rc8 33. Kd3
Kf5 34. Re4 h5 35. a4 Rd8+ 36. Kc2 g5 37. axb5 g4 38. bxa6 gxf3 39. Ra4 f2 40.
Ra1 e4 41. a7 e3 42. a8=Q Rxa8 43. Rxa8 e2 44. Rf8+ Ke4 45. Rxf2 e1=Q 46. Rf4+
Ke3 47. Rh4 Qa1 48. Kb3 Kd3 49. Rd4+ Ke3 50. Rh4 Qa5 51. Kb2 Qf5 52. Kb3 Qb1+
53. Kc4 Kd2 54. Kd4 Qb6+ 55. Ke4 Qg6+ 56. Kd4 Qf5 57. c4 Kc2 58. c5 {(=)}
1/2-1/2

[Event "OLNO 1819 TuS Makkabi Berlin - TSG Ober"]
[Site "?"]
[Date "2018.11.11"]
[Round "2.7"]
[White "Jauk, Wilhelm"]
[Black "Schmidt, Jevgen"]
[Result "0-1"]
[WhiteElo "2160"]
[BlackElo "1860"]
[PlyCount "48"]
[EventDate "2018.??.??"]

1. d4 Nf6 2. Nf3 d6 3. c4 g6 4. Nc3 Bg7 5. e4 O-O 6. Be2 e5 7. dxe5 dxe5 8.
Qxd8 Rxd8 9. Bg5 Re8 10. Nd5 Nxd5 11. cxd5 h6 12. Be3 c6 13. Bc4 cxd5 14. Bxd5
Nd7 15. Nd2 Nf6 16. Bc4 Ng4 17. Bc5 Bf8 18. Bxf8 Kxf8 19. Ke2 Bd7 20. Rhc1 Rac8
21. Bd5 Nf6 22. Bxb7 Rb8 23. Rc7 Re7 24. Bc6 Bg4+ 0-1

[Event "OLNO 1819 TuS Makkabi Berlin - TSG Ober"]
[Site "?"]
[Date "2018.11.11"]
[Round "2.8"]
[White "Lalaev, Ashur"]
[Black "Bellmann, Rambald"]
[Result "0-1"]
[WhiteElo "1637"]
[BlackElo "2119"]
[PlyCount "114"]
[EventDate "2018.??.??"]

1. e4 e5 2. Nf3 Nc6 3. d4 exd4 4. Nxd4 Bc5 5. Be3 Bxd4 6. Bxd4 Nxd4 7. Qxd4 Qf6
8. Qxf6 Nxf6 9. Nc3 O-O 10. f3 a6 11. O-O-O d6 12. Bc4 Be6 13. Nd5 Bxd5 14.
Bxd5 Nxd5 15. Rxd5 Rfe8 16. Rhd1 Kf8 17. R1d3 f6 18. Rb3 b6 19. Rc3 Ra7 20. Rc6
Re5 21. Kd2 Ke8 22. Rc3 Kd7 23. Rcd3 Ra8 24. Ke3 Rae8 25. Kf4 Rxd5 26. Rxd5 g6
27. g4 c6 28. Rd2 Re5 29. h4 h6 30. Rh2 Ke6 31. c4 Rc5 32. b3 b5 33. Rc2 g5+
34. Ke3 Ke5 35. hxg5 hxg5 36. Kf2 bxc4 37. bxc4 Ra5 38. Kg3 c5 39. Rd2 Ra4 40.
Rc2 Ra3 41. Rb2 a5 42. Rc2 a4 43. Kg2 Rd3 44. Kg3 a3 45. Rh2 Kd4 46. Rh6 Kxc4
47. Rxf6 Kc3 48. Rf5 Kb2 49. Rxg5 Kxa2 50. Rg8 Kb2 51. Ra8 a2 52. Rxa2+ Kxa2
53. g5 Rb3 54. g6 c4 55. Kg4 c3 56. g7 Rb8 57. Kg5 c2 0-1

[Event "OLNO 1819 SC Empor Potsdam - SF Berlin "]
[Site "?"]
[Date "2018.11.11"]
[Round "2.1"]
[White "de Wiljes, Jan-Hendrik"]
[Black "Penzold, Andreas"]
[Result "0-1"]
[WhiteElo "2340"]
[BlackElo "2405"]
[PlyCount "86"]
[EventDate "2018.??.??"]

1. d4 Nf6 2. c4 g6 3. Nc3 Bg7 4. e4 d6 5. f3 O-O 6. Nge2 c5 7. d5 e6 8. Ng3
exd5 9. cxd5 a6 10. a4 Nbd7 11. Be2 Re8 12. O-O h5 13. Bg5 Qa5 14. Nh1 Rb8 15.
Nf2 Nh7 16. Bf4 Ne5 17. Bd2 Qd8 18. b3 f5 19. Rc1 Bd7 20. exf5 gxf5 21. Nh3 Ng6
22. f4 h4 23. Bh5 Qf6 24. Ne2 b5 25. Ng5 b4 26. Kh1 Bh6 27. Nxh7 Kxh7 28. Ng1
Re4 29. Nh3 Qb2 30. Rb1 Qd4 31. Bf3 Re7 32. Rc1 Rbe8 33. Rc4 Qb2 34. Bc1 Qb1
35. Bd2 Qxd1 36. Rxd1 a5 37. Kg1 Bc8 38. Kf2 Ba6 39. Rdc1 Bxc4 40. Rxc4 Nf8 41.
Bh5 Rb8 42. Bd1 Nd7 43. Bc2 Kg6 0-1

[Event "OLNO 1819 SC Empor Potsdam - SF Berlin "]
[Site "?"]
[Date "2018.11.11"]
[Round "2.2"]
[White "Hansch, Karsten"]
[Black "Nogly, Christoph"]
[Result "1-0"]
[WhiteElo "2268"]
[BlackElo "2221"]
[PlyCount "99"]
[EventDate "2018.??.??"]

1. e4 e5 2. Nf3 Nc6 3. d4 exd4 4. Nxd4 Nf6 5. Nxc6 bxc6 6. e5 Qe7 7. Qe2 Nd5 8.
c4 Nb6 9. Nc3 Ba6 10. Qe4 f6 11. exf6 Qxe4+ 12. Nxe4 gxf6 13. b3 O-O-O 14. Be3
Bb4+ 15. Nd2 d5 16. O-O-O c5 17. cxd5 Bxf1 18. Rhxf1 Nxd5 19. Nc4 Rhg8 20. g3
Nc3 21. Rxd8+ Rxd8 22. a3 Ne2+ 23. Kc2 Bc3 24. Bxc5 Bd4 25. Re1 Re8 26. Kd3
Nf4+ 27. gxf4 Rxe1 28. Bxd4 Rh1 29. Bxf6 Rxh2 30. Ke2 Rh3 31. Ne3 Kd7 32. Be5
c6 33. f5 a6 34. b4 h5 35. f3 Rh1 36. Nf1 Rg1 37. Kf2 Rg5 38. Ng3 Rg8 39. Ne4
h4 40. Nc3 Ra8 41. Bh2 a5 42. Na4 Ke7 43. bxa5 Kf6 44. Ke3 Rd8 45. Ke4 h3 46.
Be5+ Ke7 47. f6+ Ke6 48. f4 Kd7 49. f5 Rh8 50. a6 1-0

[Event "OLNO 1819 SC Empor Potsdam - SF Berlin "]
[Site "?"]
[Date "2018.11.11"]
[Round "2.3"]
[White "Hoffmann, Udo"]
[Black "Hansch, Stephan"]
[Result "1-0"]
[WhiteElo "2263"]
[BlackElo "2218"]
[PlyCount "106"]
[EventDate "2018.??.??"]

1. e4 c5 2. Nf3 d6 3. Bb5+ Bd7 4. c4 g6 5. d4 Nf6 6. Nc3 cxd4 7. Nxd4 Bg7 8.
O-O O-O 9. h3 a6 10. Bxd7 Nbxd7 11. a4 Rc8 12. b3 Qa5 13. Bb2 Nc5 14. Re1 Rfe8
15. Re3 Bh6 16. Re2 Bg7 17. Re3 Bh6 18. Re2 Bg7 19. Rb1 Nh5 20. Ba1 Qd8 21. g3
Qd7 22. Kh2 e5 23. Nc2 Ne6 24. Nd5 Ng5 25. Qf1 Rc5 26. g4 Nf6 27. Nxf6+ Bxf6
28. f4 Ne6 29. f5 Nf4 30. Rf2 Bh4 31. Rd2 b5 32. axb5 axb5 33. Ne3 Qa7 34. Bb2
b4 35. Nc2 Qb7 36. Qf3 Be7 37. Ra1 Rc6 38. Ra4 Rb6 39. Rd1 Ra8 40. Rxa8+ Qxa8
41. Ra1 Qb7 42. Bc1 Bg5 43. Bb2 Kf8 44. Ra4 gxf5 45. gxf5 d5 46. Bxe5 dxe4 47.
Qg4 Nxh3 48. Kxh3 Rh6+ 49. Kg3 Bh4+ 50. Kf4 f6 51. Bd6+ Kf7 52. Qd1 Bg5+ 53.
Kg4 Rh2 1-0

[Event "OLNO 1819 SC Empor Potsdam - SF Berlin "]
[Site "?"]
[Date "2018.11.11"]
[Round "2.4"]
[White "Schoene, Ralf"]
[Black "Andersen, Hans-Christoph"]
[Result "1-0"]
[WhiteElo "2254"]
[BlackElo "2191"]
[PlyCount "97"]
[EventDate "2018.??.??"]

1. d4 f5 2. c4 Nf6 3. Nc3 e6 4. g3 Be7 5. Bg2 O-O 6. Nh3 d6 7. Nf4 c6 8. d5 e5
9. dxc6 bxc6 10. Nfd5 Be6 11. Nxe7+ Qxe7 12. b3 Rd8 13. Ba3 Qc7 14. O-O Na6 15.
Qc1 Rab8 16. Rd1 Nb4 17. e4 a5 18. Rd2 Rf8 19. Qe1 f4 20. Rad1 Ne8 21. gxf4
Rxf4 22. Ne2 Rf6 23. Bc1 Qf7 24. f3 Qh5 25. Ng3 Qf7 26. Rf2 c5 27. Bg5 Rg6 28.
f4 exf4 29. Bxf4 Rf6 30. Nf5 Bxf5 31. exf5 Rxf5 32. a3 Rxf4 33. axb4 Nc7 34. b5
Rxf2 35. Qxf2 Qxf2+ 36. Kxf2 Rd8 37. b6 Na6 38. Ra1 Kf7 39. Rxa5 Nb8 40. Ra7+
Kf6 41. Ke3 h6 42. Bd5 Nd7 43. b7 Nb8 44. Ra1 Ke7 45. Rg1 Kf8 46. Rf1+ Ke8 47.
Ke4 Rd7 48. Kf5 Re7 49. Kg6 1-0

[Event "OLNO 1819 SC Empor Potsdam - SF Berlin "]
[Site "?"]
[Date "2018.11.11"]
[Round "2.5"]
[White "Noetzel, Felix"]
[Black "Trenner, Rolf"]
[Result "0-1"]
[WhiteElo "2220"]
[BlackElo "2158"]
[PlyCount "108"]
[EventDate "2018.??.??"]

1. e4 e5 2. Nf3 Nc6 3. d4 exd4 4. Bc4 Qf6 5. O-O d6 6. Ng5 Ne5 7. Bb5+ Bd7 8.
Bxd7+ Nxd7 9. f4 h6 10. Nf3 O-O-O 11. Nxd4 d5 12. e5 Qb6 13. Kh1 g5 14. Nc3 Ne7
15. Qd3 gxf4 16. Bxf4 Bg7 17. Nf5 Nxf5 18. Qxf5 Qe6 19. Bg3 Bxe5 20. Bxe5 Nxe5
21. Rae1 Qxf5 22. Rxf5 d4 23. Rfxe5 dxc3 24. bxc3 Rd2 25. R5e2 Rxe2 26. Rxe2
Rd8 27. h4 Rd1+ 28. Kh2 Kd7 29. Re5 Rd2 30. Rh5 Rxc2 31. Rxh6 Rxc3 32. Rf6 Ke7
33. Rf2 b5 34. h5 b4 35. Rf5 Rc6 36. Rb5 Rb6 37. Rc5 c6 38. g4 Kf8 39. Kg2 Kg7
40. g5 Rb5 41. Rxc6 Rxg5+ 42. Kf1 Rf5+ 43. Kg1 a5 44. a3 Rxh5 45. axb4 axb4 46.
Rb6 Rh4 47. Kf2 Rc4 48. Kg3 Rc3+ 49. Kf4 Rb3 50. Ke4 Rb1 51. Kd4 f6 52. Kc4 b3
53. Kc3 Kg6 54. Rb8 f5 0-1

[Event "OLNO 1819 SC Empor Potsdam - SF Berlin "]
[Site "?"]
[Date "2018.11.11"]
[Round "2.6"]
[White "Wuttke, Hans"]
[Black "Weber, Daniel"]
[Result "1/2-1/2"]
[WhiteElo "2163"]
[BlackElo "2090"]
[PlyCount "73"]
[EventDate "2018.??.??"]

1. Nf3 Nf6 2. g3 g6 3. b3 Bg7 4. Bb2 O-O 5. Bg2 c5 6. c4 Nc6 7. O-O d6 8. Nc3
e5 9. d3 a6 10. e3 Nh5 11. Nd5 f5 12. Ne1 Rb8 13. Qd2 f4 14. gxf4 exf4 15. Bxg7
Kxg7 16. exf4 Nd4 17. Nf3 Nxf4 18. Nxd4 Nxg2 19. Kxg2 cxd4 20. f4 Qh4 21. Rf3
Bg4 22. Rg3 Rfe8 23. Re1 Kf7 24. Re4 Qh5 25. Qf2 Bf5 26. Qxd4 Bxe4+ 27. dxe4
Qe2+ 28. Kh3 Rxe4 29. Qf6+ Kg8 30. Rxg6+ hxg6 31. Qxg6+ Kf8 32. Qxd6+ Kg7 33.
Qf6+ Kh7 34. Qf7+ Kh8 35. Qf6+ Kh7 36. Qf7+ Kh8 37. Qf6+ 1/2-1/2

[Event "OLNO 1819 SC Empor Potsdam - SF Berlin "]
[Site "?"]
[Date "2018.11.11"]
[Round "2.7"]
[White "Offermann, Fernando"]
[Black "Bachmann, Volker"]
[Result "1/2-1/2"]
[WhiteElo "2143"]
[BlackElo "2119"]
[PlyCount "61"]
[EventDate "2018.??.??"]

1. d4 Nf6 2. c4 g6 3. Nf3 Bg7 4. g3 O-O 5. Bg2 d5 6. cxd5 Nxd5 7. O-O Nc6 8. e4
Nb6 9. d5 Ne5 10. Nxe5 Bxe5 11. Qe2 e6 12. Rd1 exd5 13. exd5 Re8 14. Be3 Na4
15. Rd2 Bd7 16. Na3 Qf6 17. Rc1 Nxb2 18. Nb5 Na4 19. Nxc7 Rac8 20. Rdc2 Nc3 21.
Rxc3 Bxc3 22. Nxe8 Rxe8 23. Qd3 Be5 24. Qb3 Bd4 25. Qxb7 Rxe3 26. fxe3 Bxe3+
27. Kh1 Bxc1 28. Qxd7 Bd2 29. Qxa7 Qa1+ 30. Qg1 Qxa2 31. Qf2 1/2-1/2

[Event "OLNO 1819 SC Empor Potsdam - SF Berlin "]
[Site "?"]
[Date "2018.11.11"]
[Round "2.8"]
[White "Germann, Heike"]
[Black "Mcgowan, Daniel"]
[Result "0-1"]
[WhiteElo "2078"]
[BlackElo "2140"]
[PlyCount "53"]
[EventDate "2018.??.??"]

1. d4 e6 2. c4 Nf6 3. Nc3 Bb4 4. e3 d5 5. Bd2 O-O 6. Nf3 b6 7. Rc1 dxc4 8. Bxc4
Bb7 9. O-O Nbd7 10. a3 Be7 11. Qe2 c5 12. Rfd1 a6 13. dxc5 b5 14. c6 Bxc6 15.
Ba2 Qb6 16. Nd4 Bb7 17. Be1 Rfd8 18. f3 Rac8 19. b4 Ne5 20. f4 Nc4 21. Na4 bxa4
22. Bxc4 Ne4 23. Qa2 Bf6 24. f5 Bxd4 25. exd4 Rxd4 26. Rxd4 Qxd4+ 27. Kh1 0-1

[Event "OLNO 1819 SG Güstrow-Teterow - Greifsw"]
[Site "?"]
[Date "2018.11.11"]
[Round "2.1"]
[White "Mueller, Nick"]
[Black "Waschk, Armin"]
[Result "1-0"]
[WhiteElo "2334"]
[BlackElo "2149"]
[PlyCount "35"]
[EventDate "2018.??.??"]

1. d4 Nf6 2. c4 e6 3. g3 d5 4. Bg2 c5 5. cxd5 exd5 6. Nf3 Be6 7. Nc3 Nbd7 8.
O-O Rc8 9. Bf4 a6 10. Re1 Be7 11. e4 Nxe4 12. Nxe4 dxe4 13. d5 Bf5 14. Nd2 Nf6
15. d6 Bxd6 16. Nxe4 Be7 17. Nd6+ Kf8 18. Nxf5 1-0

[Event "OLNO 1819 SG Güstrow-Teterow - Greifsw"]
[Site "?"]
[Date "2018.11.11"]
[Round "2.2"]
[White "Klatt, Jan"]
[Black "Leisner, Hannes"]
[Result "0-1"]
[WhiteElo "2145"]
[BlackElo "2287"]
[PlyCount "58"]
[EventDate "2018.??.??"]

1. g3 g6 2. Bg2 Bg7 3. Nf3 Nf6 4. d4 O-O 5. O-O d5 6. c4 dxc4 7. Na3 Nc6 8.
Nxc4 Be6 9. b3 Bd5 10. e3 a5 11. a4 Qc8 12. Ba3 Re8 13. Rc1 Qe6 14. Ne1 Bxg2
15. Kxg2 Rad8 16. Qf3 g5 17. Nd3 g4 18. Qd1 Qf5 19. f3 e5 20. fxg4 Qe4+ 21. Kh3
exd4 22. Nc5 Qg6 23. Qf3 dxe3 24. Bb2 Nd4 25. Qf4 Ne2 26. Qf5 Nxc1 27. Bxf6
Qxf5 28. gxf5 Bxf6 29. Nxe3 Rxe3 0-1

[Event "OLNO 1819 SG Güstrow-Teterow - Greifsw"]
[Site "?"]
[Date "2018.11.11"]
[Round "2.3"]
[White "Weber, Max"]
[Black "Muench, Robert"]
[Result "1-0"]
[WhiteElo "2228"]
[BlackElo "2003"]
[PlyCount "105"]
[EventDate "2018.??.??"]

1. d4 d5 2. c4 c6 3. Nf3 e6 4. g3 Nf6 5. Bg2 Bd6 6. O-O O-O 7. Nfd2 Nbd7 8. Nc3
Bc7 9. e4 dxe4 10. Ndxe4 Nxe4 11. Nxe4 e5 12. d5 cxd5 13. cxd5 f5 14. Bg5 Qe8
15. d6 Bd8 16. Bxd8 Qxd8 17. Nc3 Nf6 18. Qb3+ Kh8 19. Rad1 Rb8 20. Rfe1 e4 21.
f3 exf3 22. Bxf3 Bd7 23. Re7 Bc6 24. Bxc6 bxc6 25. Rb7 Rxb7 26. Qxb7 Qb6+ 27.
Qxb6 axb6 28. d7 Rd8 29. Rd6 Kg8 30. Rxc6 Nxd7 31. Rd6 Kf7 32. Nd5 b5 33. Nc7
b4 34. Nd5 Rb8 35. Rxd7+ Ke6 36. Rxg7 Kxd5 37. Rxh7 Rc8 38. Rd7+ Ke4 39. Rd2
Ke3 40. Rf2 Rc5 41. Kg2 Ra5 42. a3 bxa3 43. bxa3 Ke4 44. a4 Ke5 45. Ra2 Ke4 46.
Kf2 f4 47. g4 Ra8 48. h4 Ra5 49. h5 f3 50. Kg3 Ra6 51. a5 f2 52. Kxf2 Kf4 53.
Ra4+ 1-0

[Event "OLNO 1819 SG Güstrow-Teterow - Greifsw"]
[Site "?"]
[Date "2018.11.11"]
[Round "2.4"]
[White "Dettmann, Gerd"]
[Black "Stubbe, Wilko"]
[Result "1/2-1/2"]
[WhiteElo "2146"]
[BlackElo "2221"]
[PlyCount "82"]
[EventDate "2018.??.??"]

1. e4 e6 2. d4 d5 3. Nc3 Nf6 4. e5 Nfd7 5. f4 c5 6. Nf3 Nc6 7. Be3 a6 8. Be2 b5
9. O-O b4 10. Na4 Qa5 11. c4 bxc3 12. bxc3 Rb8 13. Bd3 c4 14. Bc2 Nb6 15. Rb1
Be7 16. Ng5 g6 17. h4 Bd7 18. Nxb6 Rxb6 19. Rxb6 Qxb6 20. Bd2 Qb2 21. Qb1 Qxb1
22. Rxb1 h6 23. Nf3 Kd8 24. Kf2 Kc7 25. g4 h5 26. Ng5 hxg4 27. Kg3 f5 28. exf6
Bxf6 29. Bxg6 Ne7 30. h5 Nxg6 31. hxg6 Rg8 32. Nf7 Rxg6 33. Ne5 Bxe5 34. dxe5
Rh6 35. Kxg4 Rh2 36. Rb2 a5 37. Bc1 Rh1 38. Be3 a4 39. a3 Ra1 40. Bc5 Kc6 41.
Bb4 Rg1+ 1/2-1/2